| 000 | 00824nam a22002537a 4500 | ||
|---|---|---|---|
| 999 |
_c20154 _d20154 |
||
| 003 | AR-CdUCM | ||
| 008 | 190527b ||||| |||| 00| 0 spa d | ||
| 040 |
_aMUNICIPALIDAD PROVINCIAL DEL CUSCO _cBIBLIOTECA MUNICIPAL DEL CUSCO |
||
| 041 | _heng | ||
| 082 |
_a947.084 / _bC26 |
||
| 100 |
_aCarmichael, joel _942142 |
||
| 245 | _aHistoria de la revolución Rusa / | ||
| 260 |
_aMaadrid : _bCID, S.A., _c1967. |
||
| 300 |
_a353 páginas _c21 cm. |
||
| 440 |
_aColección Vortice _n 37 _942143 |
||
| 505 | _aContenido: Antecedentes inmediatos -- Una mirada retrospectiva -- El liberalismo... | ||
| 650 |
_aRusia _9499 |
||
| 650 |
_aSan Petersburgo _942144 |
||
| 650 |
_aMonarquias _936976 |
||
| 650 |
_aRevolución _9679 |
||
| 700 |
_aMaillo, Cesar (traductor) _942145 |
||
| 942 |
_2ddc _cLIBROS |
||
| 945 | _aJavier | ||